Eastern Utah Libraries Catalog: Duchesne, Heber, Roosevelt, & Vernal

Truly Devious / (Record no. 235328)

MARC details
000 -LEADER
fixed length control field 01721nam a2200385 i 4500
001 - CONTROL NUMBER
control field BK0022417471
005 - DATE AND TIME OF LATEST TRANSACTION
control field 20210805145420.0
008 - FIXED-LENGTH DATA ELEMENTS--GENERAL INFORMATION
fixed length control field 181126r20182018nyua j 000 1 eng d
010 ## - LIBRARY OF CONGRESS CONTROL NUMBER
LC control number bl2018194519
020 ## - INTERNATIONAL STANDARD BOOK NUMBER
International Standard Book Number 9780062338068 : PAP
Terms of availability 9.99
020 ## - INTERNATIONAL STANDARD BOOK NUMBER
International Standard Book Number 0062338064 : PAP
Terms of availability 9.99
Qualifying information pbk.
037 ## - SOURCE OF ACQUISITION
Source of stock number/acquisition Harpercollins Childrens Books, 53 Glenmaura National Blvd Ste 300, Moosaic, PA, USA, 18507-2132
Note SAN 200-2086
040 ## - CATALOGING SOURCE
Original cataloging agency NjBwBT
Language of cataloging eng
Transcribing agency NjBwBT
Description conventions rda
050 14 - LIBRARY OF CONGRESS CALL NUMBER
Classification number PZ7.J634145
Item number Tr 2018b
082 04 - DEWEY DECIMAL CLASSIFICATION NUMBER
Classification number [Fic]
Edition number 23
092 ## - LOCALLY ASSIGNED DEWEY CALL NUMBER (OCLC)
Classification number FIC
100 1# - MAIN ENTRY--PERSONAL NAME
Personal name Johnson, Maureen,
Dates associated with a name 1973-
Relator term author.
9 (RLIN) 5763518
245 10 - TITLE STATEMENT
Title Truly Devious /
Statement of responsibility, etc Maureen Johnson.
250 ## - EDITION STATEMENT
Edition statement First paperback edition.
264 #1 - Production, Publication, Distribution, Manufacture, and Copyright Notice.
Place of production, publication, distribution, manufacture New York, NY :
Name of producer, publisher, distributor, manufacturer Katherine Tegen Books, an imprint of HarperCollinsPublishers,
Date of production, publication, distribution, manufacture, or copyr 2018.
300 ## - PHYSICAL DESCRIPTION
Extent 420, 13 pages :
Other physical details illustrations ;
Dimensions 21 cm
336 ## - Content Type
Content type term text
337 ## - Media type
Media type term unmediated
338 ## - Carrier type
Carrier type term volume
490 ## - SERIES STATEMENT
Series statement Truly Devious :
Volume number/sequential designation 1
520 ## - SUMMARY, ETC.
Summary, etc When Stevie Bell, an amateur detective, begins her first year at a famous private school in Vermont, she sets a plan to solve the cold case involving the kidnapping of the founder's wife and daughter shortly after the school opened.
650 #1 - SUBJECT ADDED ENTRY--TOPICAL TERM
Topical term or geographic name as entry element Cold cases (Criminal investigation)
Form subdivision Fiction.
9 (RLIN) 5678704
650 #1 - SUBJECT ADDED ENTRY--TOPICAL TERM
Topical term or geographic name as entry element Boarding schools
Form subdivision Fiction.
9 (RLIN) 5687815
650 #1 - SUBJECT ADDED ENTRY--TOPICAL TERM
Topical term or geographic name as entry element Schools
Form subdivision Fiction.
9 (RLIN) 5673727
650 #1 - SUBJECT ADDED ENTRY--TOPICAL TERM
Topical term or geographic name as entry element Mystery and detective stories.
9 (RLIN) 102581
651 #1 - SUBJECT ADDED ENTRY--GEOGRAPHIC NAME
Geographic name Vermont
Form subdivision Fiction.
9 (RLIN) 5701422
775 08 - OTHER EDITION ENTRY
Display text Reproduction of (manifestation):
775 08 - OTHER EDITION ENTRY
Main entry heading Johnson, Maureen, 1973-
Title Truly Devious
Place, publisher, and date of publication New York, NY : Katherine Tegen Books, an imprint of HarperCollinsPublishers, [2018]
International Standard Book Number 9780062338051
942 ## - ADDED ENTRY ELEMENTS (KOHA)
Source of classification or shelving scheme Dewey Decimal Classification
Koha item type BOOK
Holdings
Withdrawn status Lost status Source of classification or shelving scheme Damaged status Not for loan Collection code Home library Current library Shelving location Date acquired Source of acquisition Serial Enumeration / chronology Total Checkouts Total Renewals Full call number Barcode Checked out Date last seen Date checked out Cost, replacement price Price effective from Koha item type
    Dewey Decimal Classification     Young Adult Fiction Wasatch County Library Wasatch County Library Main Floor Teen Area 08/18/2021 Amazon #1 Truly Devious 22 27 YA Johnson 34301001805367 03/03/2026 01/05/2026 01/05/2026 17.99 08/18/2021 BOOK
This project was made possible through a grant from the Institute of Museum and Library Service administered by the Utah State Library Division.

Wasatch County Library

  • 465 East 1200 South, Heber City, Utah 84032
  • Phone 435-654-1511 | Fax 435-654-6456

Hours

  • Monday - Friday 9:30 AM - 8:00 PM
  • Saturday 9:30 AM - 1:30 PM
  • Closed Sundays and Holidays